| 000 | 00957nam a22002897a 4500 | ||
|---|---|---|---|
| 001 | 6731 | ||
| 003 | FISKH | ||
| 005 | 20250523105626.0 | ||
| 008 | 250523b cb ||||| |||| 00| 0 eng d | ||
| 020 | _a9780060882839 | ||
| 040 |
_aFISKH _beng _cFISKH _dFISKH |
||
| 050 | _aPZ7.F85927 W | ||
| 082 | _a799 | ||
| 100 | _aFrantz, Jennifer | ||
| 245 |
_aCharlotte's Web: _bWilbur's prize / _cAdapted by Jennifer Frantz ; Illustrated by Alesksey and Olga Ivanov |
||
| 260 |
_aNew York : _bHarper Collins Publisher, _c2006 |
||
| 300 |
_a32 pages : _bcolor illustrations ; _c23 cm |
||
| 505 | _aK | ||
| 520 | _aWilbur wants to prove how special he is by winning the blue ribbon at the county fair. | ||
| 521 | 8 |
_a510
_bLexile estimate |
|
| 521 | 8 |
_aK
_bRaz-Plus |
|
| 650 |
_aAnimal Characters _vBeard Library |
||
| 700 |
_a Alesksey, Olga _eillustrator |
||
| 700 |
_aIvanov, Olga _eillustrator |
||
| 942 |
_2ddc _cBK _n0 |
||
| 999 |
_c6731 _d6731 |
||